[Event "AUTO-MASTER-1416"]
[Site "http://www.queenalice.com/game.php?id=942282"]
[Date "2011.5.25"]
[Round "1"]
[White "ZbynioG"]
[Black "WeirdGoblin"]
[Result "0-1"]
[WhiteElo "1761"]
[BlackElo "2227"]

1. d4 Nf6 2. c4 e6 3. Nc3 Bb4 4. Qc2 O-O 5. Bd2 c5 6. dxc5 Bxc5 7. Nf3 Nc6 8. a3
d5 9. e3 e5 10. b4 e4 11. bxc5 exf3 12. gxf3 d4 13. Nb5 Re8 14. O-O-O Re5 15.
exd4 Nxd4 16. Be3 Rxc5 17. Rxd4 Qe7 18. Rd8+ Qxd8 19. Bxc5 a6 20. Nc3 Qc7 21.
Be3 Be6 22. Qb3 b5 23. Be2 bxc4 24. Qb6 Qe5 25. Qd4 Qa5 26. Kb2 Rb8+ 27. Ka2 Rd8
28. Qb6 Rd2+ 29. Bxd2 Qxb6 30. Rb1 Qd6 31. Be3 h6 32. Rb6 Qe5 0-1

[Event "AUTO-ADV-2292"]
[Site "http://www.queenalice.com/game.php?id=990154"]
[Date "2011.9.26"]
[Round "1"]
[White "ZbynioG"]
[Black "od_xavier"]
[Result "1-0"]
[WhiteElo "1773"]
[BlackElo "1631"]

1. d4 d5 2. Nf3 Nc6 3. Bf4 Bf5 4. e3 e6 5. Be2 Nf6 6. O-O Bb4 7. c4 O-O 8. a3
Be7 9. Nc3 a6 10. cxd5 exd5 11. Rc1 h6 12. b4 b5 13. Nxb5 axb5 14. Rxc6 Rxa3 15.
Bxc7 Qe8 16. Bxb5 Ne4 17. Ne5 1-0

[Event "AUTO-ADV-2292"]
[Site "http://www.queenalice.com/game.php?id=990155"]
[Date "2011.9.26"]
[Round "1"]
[White "od_xavier"]
[Black "ZbynioG"]
[Result "0-1"]
[WhiteElo "1621"]
[BlackElo "1783"]

1. e4 Nf6 2. Nc3 d6 3. Bc4 g6 4. d4 Bg7 5. Nf3 c6 6. Bg5 b5 7. Bb3 b4 8. Nb1
Nxe4 9. Nbd2 Nxg5 10. Nxg5 O-O 11. O-O h6 12. Ngf3 Bg4 13. h3 Bf5 14. c3 a5 15.
a4 Nd7 16. Qe2 d5 0-1

[Event "AUTO-ADV-2292"]
[Site "http://www.queenalice.com/game.php?id=990158"]
[Date "2011.9.26"]
[Round "1"]
[White "ZbynioG"]
[Black "callende"]
[Result "0-1"]
[WhiteElo "1759"]
[BlackElo "1868"]

1. d4 d5 2. Nf3 Nf6 3. c4 dxc4 4. Nc3 c6 5. e4 b5 6. Qc2 Nbd7 7. e5 Nd5 8. e6
fxe6 9. Ng5 Nb4 10. Qe4 Nf6 11. Qe2 Qxd4 12. a3 Nd3+ 0-1

[Event "AUTO-OPEN-2491"]
[Site "http://www.queenalice.com/game.php?id=990214"]
[Date "2011.9.26"]
[Round "1"]
[White "ZbynioG"]
[Black "LORD_SAMAEL"]
[Result "0-1"]
[WhiteElo "1747"]
[BlackElo "1950"]

1. d4 d5 2. c4 e6 3. Nc3 Nf6 4. Nf3 Bb4 5. Qc2 dxc4 6. Bg5 h6 7. Bh4 Nc6 8. e3
Bxc3+ 9. bxc3 Qd5 10. Bxf6 gxf6 11. e4 Qb5 12. Be2 e5 13. d5 Ne7 0-1

[Event "AUTO-OPEN-2591"]
[Site "http://www.queenalice.com/game.php?id=1023932"]
[Date "2012.2.1"]
[Round "1"]
[White "ZbynioG"]
[Black "aknightout"]
[Result "0-1"]
[WhiteElo "1831"]
[BlackElo "1852"]

1. d4 d6 2. c4 Nf6 3. Nc3 g6 4. Bg5 Bg7 5. Nf3 O-O 6. e3 h6 7. Bf4 Nh5 8. Bg3
Bg4 9. Be2 c5 10. O-O Nd7 11. Rc1 f5 12. Nd5 g5 13. h3 Nxg3 0-1

[Event "AUTO-OPEN-2591"]
[Site "http://www.queenalice.com/game.php?id=1023933"]
[Date "2012.2.1"]
[Round "1"]
[White "aknightout"]
[Black "ZbynioG"]
[Result "1-0"]
[WhiteElo "1913"]
[BlackElo "1777"]

1. e4 Nf6 2. Nc3 d5 3. e5 Ne4 4. d3 Nxc3 5. bxc3 Bf5 6. d4 e6 7. h4 h6 8. Bd3
Bxd3 9. cxd3 c5 10. Nf3 Be7 11. dxc5 Bxc5 12. d4 Be7 13. g4 Nc6 14. Qd3 Rc8 15.
Qb5 Qa5 16. Qxa5 Nxa5 17. Kd2 Nc4+ 18. Kd3 O-O 19. g5 b5 20. gxh6 1-0

[Event "AUTO-OPEN-2591"]
[Site "http://www.queenalice.com/game.php?id=1023934"]
[Date "2012.2.1"]
[Round "1"]
[White "ZbynioG"]
[Black "louni"]
[Result "0-1"]
[WhiteElo "1796"]
[BlackElo "1725"]

1. d4 Nf6 2. c4 e6 3. Nc3 Bb4 4. Qc2 c5 5. a3 Bxc3+ 6. bxc3 b6 7. e4 O-O 8. e5
Ne8 9. Bd3 f5 10. Ne2 Bb7 11. O-O d6 12. Bf4 g5 13. Bd2 Nc6 14. exd6 Nxd6 15. d5
exd5 16. cxd5 Ne5 17. c4 f4 18. Bxh7+ Kg7 19. Bc3 Qf6 0-1

[Event "AUTO-OPEN-2591"]
[Site "http://www.queenalice.com/game.php?id=1023935"]
[Date "2012.2.1"]
[Round "1"]
[White "louni"]
[Black "ZbynioG"]
[Result "1-0"]
[WhiteElo "1705"]
[BlackElo "1816"]

1. e4 Nf6 2. Nc3 d5 3. exd5 Nxd5 4. Bc4 Nb6 5. Qe2 Nxc4 6. Qxc4 Nc6 7. Nf3 Bf5
8. d3 e6 9. O-O Be7 10. b4 O-O 11. a3 Bf6 12. Be3 Ne7 13. Bd4 Bxd4 14. Nxd4 Bg6
15. Ncb5 c6 16. Nc3 Rc8 17. Nf3 Nd5 18. Ne5 1-0

[Event "AUTO-OPEN-2591"]
[Site "http://www.queenalice.com/game.php?id=1023936"]
[Date "2012.2.1"]
[Round "1"]
[White "ZbynioG"]
[Black "crono"]
[Result "0-1"]
[WhiteElo "1835"]
[BlackElo "2126"]

1. c4 Nf6 2. Nc3 g6 3. g3 Bg7 4. Bg2 d6 5. Nf3 O-O 6. O-O c5 7. d4 Nc6 8. d5 Na5
9. Nd2 a6 10. Qc2 e5 11. a3 b5 12. cxb5 axb5 13. Nxb5 Ba6 14. a4 Rb8 15. Nc4
Bxb5 16. axb5 Nxc4 17. Qxc4 Ne8 18. Bd2 Qb6 19. b4 Qxb5 20. Qxb5 Rxb5 21. bxc5
Rxc5 22. Rfc1 Rxc1+ 23. Rxc1 Bf6 24. Bh6 Ng7 25. Rc7 Rb8 26. h3 Nf5 27. Bc1 Nd4
28. Be3 Nxe2+ 29. Kh2 Nd4 30. g4 Kf8 31. g5 Be7 32. h4 Nf5 33. Kh3 Rb4 34. Rc8+
Kg7 0-1

[Event "AUTO-OPEN-2591"]
[Site "http://www.queenalice.com/game.php?id=1023937"]
[Date "2012.2.1"]
[Round "1"]
[White "crono"]
[Black "ZbynioG"]
[Result "0-1"]
[WhiteElo "2088"]
[BlackElo "1793"]

1. d4 Nf6 2. c4 c5 3. d5 e6 4. Nc3 exd5 5. cxd5 d6 6. e4 g6 7. Nf3 Bg7 8. Be2
O-O 9. O-O Bg4 10. h3 Bxf3 11. Bxf3 Nbd7 12. Qc2 Ne5 13. Be2 a6 14. a4 h6 15.
Nd1 Rc8 16. f4 Ned7 17. Ne3 Re8 18. Bd3 b5 19. axb5 axb5 20. Bxb5 Nxe4 21. Nc4
Rb8 22. Qa4 Bd4+ 23. Kh2 Qh4 24. Ra3 Ndf6 0-1

[Event "Challenge"]
[Site "http://www.queenalice.com/game.php?id=1026637"]
[Date "2012.2.5"]
[Round "-"]
[White "lupo1"]
[Black "ZbynioG"]
[Result "0-1"]
[WhiteElo "1762"]
[BlackElo "1821"]

1. d4 Nf6 2. Nc3 e6 3. a3 c5 4. Nf3 cxd4 5. Nxd4 Nc6 6. e3 Bc5 7. b4 Bb6 8. h3
O-O 9. Qd3 e5 10. Ndb5 d5 11. g4 d4 12. Na4 a5 13. Bg2 axb4 14. O-O Rxa4 15. Bd2
bxa3 16. Bxc6 bxc6 17. Nxa3 dxe3 18. fxe3 Qxd3 19. cxd3 Ba6 20. Rfc1 Rc8 21. d4
exd4 0-1